000 01074nam a22001937a 4500
005 20260122160746.0
008 230718b ||||| |||| 00| 0 eng d
040 _cSSBUL
_dSSBUL
082 _223
_a၉၁၀ ထွန်း ၁၆၀၄၈ (S-SAT)
100 0 _aထွန်းအောင်၊
_cဦး။
_928095
245 1 0 _aကမ္ဘာ့တိုက်ကြီးများ ပဌမတွဲ အာရှဥရောပနှင့် ဩစတြေလေရှ /
_cဦးထွန်းအောင်၊ ဦးဘိုးသွယ်နှင့် ဦးတိုးမြိုင်။
300 _a၂၅၆ စာမျက်နှာ၊
_bမြေပုံများ၊
_c၁၈ စင်တီ။
440 _aခေတ်သစ်‌ဒေသန္တရ ပထဝီစာစဉ်။
_928099
500 _aS-SAT: Dr. Prof Sai Aung Tun
650 _aပထဝီဝင် ပညာ။
_928100
700 _aဘိုးသွယ်၊
_cဦး။
_928097
700 _aတိုးမြိုင်၊
_cဦး။
_928101
942 _2ddc
_cBK1
999 _c27287
_d27287